countries with highest electricity consumption - Statistics

General Stats
  • This quiz has been taken 113 times
  • The average score is 7 of 8
Answer Stats
Answer % Correct
US
97%
CHINA
96%
GERMANY
92%
INDIA
92%
JAPAN
91%
RUSSIA
89%
CANADA
85%
BRAZIL
80%
No matching quizzes found
Score Distribution
Percent of People with Each Score
Percentile by Number Answered
Your Score History
You have not taken this quiz